Quand elle m'aimait - Toy Story 2 - Statistiques

Statistiques générales
  • Ce quiz a été pris 133 fois
  • Le résultat moyen est 108 sur 146
Statistiques - réponses
Paroles % Correct
elle
99%
m'a
99%
a
97%
m'aimait
97%
Quand
97%
quand
97%
Et
94%
et
94%
la
94%
encore
91%
moi
91%
pour
90%
je
87%
Je
87%
C'était
86%
c'était
86%
De
84%
de
84%
se
81%
c'est
80%
dans
80%
qui
80%
avec
79%
cœur
79%
Le
77%
mon
77%
passé
77%
ses
77%
était
76%
chaque
74%
l'âge
74%
d'or
73%
triste
73%
qu'elle
70%
Qu'elle
70%
sa
70%
séchait
70%
heure
69%
consolait
67%
pleurs
67%
demeure
66%
Demeure
66%
temps
66%
suis
64%
passée
63%
Mais
61%
vie
60%
jour
59%
oubliée
57%
seule
56%
amie
54%
Nous
54%
crois
53%
même
53%
sentait
51%
meilleure
50%
bien
49%
riais
49%
gaie
47%
savais
47%
toujours
47%
lorsqu'elle
46%
souri
46%
ainsi
44%
besoin
43%
personne
43%
j'attends
41%
jusqu'à
41%
l'été
40%
n'avions
40%
dise
39%
l'automne
39%
Pourtant
39%
j'ai
37%
peine
37%
t'aimerai
37%
attendrie
34%
Rien
34%
Comme
29%
croyais
27%
meurtrie
24%
faisait
23%
m'ignorait
23%
Solitaire
23%
Aucun quiz correspondant
Distribution des résultats
% des personnes avec chaque résultat
Percentile par nombre de réponses
Votre historique - résultats
Vous n’avez pas pris ce quiz